Statistics for 5 Most Liked Geometry Dash Levels by Song

Click here to take the quiz!

General Stats

  • This quiz has been taken 2 times
  • The average score is 18 of 50

Answer Stats

Song#LikesAnswer% Correct
Waterflame - BattleTown11008000BattleTown
100%
TheFatRat - Xenogenesis14239000Dark Paradise
100%
Dex Arson - Frontlines11446000Frontline Full
100%
Dex Arson - Frontlines451000Frontlines
100%
Dex Arson - Frontlines539000Frontlines
100%
NK - Nine Circles2413000If 9 Circles was Lv1
100%
Xtrullor & Panda Party - Sheol11185000Magmatic Sanctuary
100%
NK - Nine Circles12453000Nine Circles
100%
NK - Nine Circles4169000Nine Circles
100%
Detious - Golden Haze16576000ReTraY
100%
TheFatRat - Xenogenesis3264000Xenogenesis
100%
TheFatRat - Xenogenesis587000Xenogenesis
100%
Creo - Sphere1129000Zodiac
100%
Creo - Sphere429000Zodiac Noclip
100%
Spaze - Believe1741000Believe
50%
Spaze - Believe547000Believe
50%
Detious - Golden Haze3513000Edification
50%
Xtrullor & Panda Party - Sheol2112000HellGate Menace
50%
Detious - Golden Haze2582000Minecraft
50%
Bossfight - Starship Showdown273000StarShip
50%
Waterflame - BattleTown426000Your Brain
50%
Creo - Octane45000Aatrox
0%
Dex Arson - Frontlines358000Boss 3 Electro
0%
NK - Nine Circles3265000Coins
0%
Creo - Sphere250000Contact Liquid
0%
Waterflame - BattleTown520000Electroid Dash
0%
Creo - Octane138000End Of The World
0%
Xtrullor & Panda Party - Sheol333000Evil Cherry
0%
Bossfight - Starship Showdown1205000Evolution
0%
Detious - Golden Haze4269000Flappy Emerald
0%
Creo - Octane29000Folium ii
0%
Xtrullor & Panda Party - Sheol431000Fusion II
0%
Waterflame - BattleTown2285000Groovy
0%
Spaze - Believe369000Image
0%
Detious - Golden Haze5197000Minecraft Life
0%
Dex Arson - Frontlines283000Monstrum
0%
Creo - Octane53000Morce
0%
Spaze - Believe448000Morpheus
0%
Creo - Octane38000Octane
0%
Creo - Sphere333000Ornamental
0%
TheFatRat - Xenogenesis2419000PeAsY WoRlD II
0%
Creo - Sphere525000Perroquet Bleu
0%
Bossfight - Starship Showdown452000Random Show
0%
Xtrullor & Panda Party - Sheol525000SHeOl
0%
Bossfight - Starship Showdown548000StarSmash
0%
Waterflame - BattleTown330000Trenonicle
0%
Spaze - Believe2304000Unbelievable
0%
NK - Nine Circles5145000Wave Challenge
0%
TheFatRat - Xenogenesis4230000XenoN
0%
Bossfight - Starship Showdown352000xX420Noscope420Xx
0%

Score Distribution

Percentile by Number Answered

Percent of People with Each Score

Your Score History

You have not taken this quiz